00605nam a2200193 a 4500008004100000020001500041050001600056100001500072245003700087260007800124300003100202350000900233490003700242490000800279500003400287650002400321700003100345710003500376060424s1988 ||||||||||||||||| || u a0863411401 aTK 6015 Pov aPovey, P.J10aVintage telephones of the world  aLondon :bP. Peregrinus Ltd. in association with the Science Museumc1988 aix, 202 p. : ill. ; 24 cm. a0.00 aIEE history of technology series v 8. aIncludes index. -Bibliography aTELEPHONE - HISTORY aEarl, R. A. J. (Reg A. J.) aScience Museum (Great Britain)